ব্রাক: (Record no. 18569)
[ view plain ]
| 000 -LEADER | |
|---|---|
| fixed length control field | 01086nam a22002177a 4500 |
| 003 - CONTROL NUMBER IDENTIFIER | |
| control field | BDDh-ASL |
| 005 - DATE AND TIME OF LATEST TRANSACTION | |
| control field | 20231015025720.0 |
| 008 - FIXED-LENGTH DATA ELEMENTS--GENERAL INFORMATION | |
| fixed length control field | 201014s2009 b ||||| |||| 00| 0 b d |
| 020 ## - INTERNATIONAL STANDARD BOOK NUMBER | |
| International Standard Book Number | 9847022010225 |
| 040 ## - CATALOGING SOURCE | |
| Original cataloging agency | BDDh-ASL |
| Transcribing agency | BDDh-ASL |
| 041 ## - LANGUAGE CODE | |
| Language code of text/sound track or separate title | ben |
| 082 ## - DEWEY DECIMAL CLASSIFICATION NUMBER | |
| Classification number | 361.763 |
| Item number | CHB |
| 100 1# - MAIN ENTRY--PERSONAL NAME | |
| 9 (RLIN) | 1395 |
| Personal name | চৌধুরী, ফারুক |
| 245 10 - TITLE STATEMENT | |
| Title | ব্রাক: |
| Remainder of title | উন্নয়নের একটি উপাখ্যান/ |
| Statement of responsibility, etc. | by ফারুক চৌধুরী, সুবলকুমার বণিক, সাজেদুর রহমান। |
| 246 ## - VARYING FORM OF TITLE | |
| Title proper/short title | BRAC: Unnoyoner Ekti Upakhyan (BRAC: A story of development) |
| 260 ## - PUBLICATION, DISTRIBUTION, ETC. | |
| Place of publication, distribution, etc. | ঢাকা: |
| Name of publisher, distributor, etc. | দি ইউনিভার্সিটি প্রেস লিমিটেড, |
| Date of publication, distribution, etc. | 2009. |
| 300 ## - PHYSICAL DESCRIPTION | |
| Extent | ২৮৬ পৃ. : |
| Dimensions | ২৫ সে.মি. |
| 650 #0 - SUBJECT ADDED ENTRY--TOPICAL TERM | |
| Topical term or geographic name entry element | এনজিও, NGO, Ēnaji'ō, বিভিন্ন সেবামূলক প্রতিষ্ঠান |
| General subdivision | ব্রাক |
| -- | উন্নয়ন |
| Geographic subdivision | বাংলাদেশ |
| 9 (RLIN) | 1396 |
| 650 #0 - SUBJECT ADDED ENTRY--TOPICAL TERM | |
| 9 (RLIN) | 6063 |
| Topical term or geographic name entry element | BRAC (ব্রাক) |
| 942 ## - ADDED ENTRY ELEMENTS (KOHA) | |
| Source of classification or shelving scheme | Dewey Decimal Classification |
| Koha item type | Books |
| Withdrawn status | Lost status | Source of classification or shelving scheme | Damaged status | Not for loan | Collection code | Home library | Current library | Shelving location | Date acquired | Source of acquisition | Total Checkouts | Full call number | Barcode | Date last seen | Copy number | Price effective from | Koha item type |
|---|---|---|---|---|---|---|---|---|---|---|---|---|---|---|---|---|---|
| Dewey Decimal Classification | Non-fiction | Asiatic Society Library | Asiatic Society Library | General Stacks | 10/14/2020 | Complementary | 361.763 CHB | 101771 | 10/14/2020 | C-1 | 10/14/2020 | Books | |||||
| Dewey Decimal Classification | Non-fiction | Asiatic Society Library | Asiatic Society Library | General Stacks | 10/14/2020 | Complementary | 361.763 CHB | 101772 | 10/14/2020 | C-2 | 10/14/2020 | Books |